• 首页
  • 本馆介绍
  • 公告通知
  • 最新文献
  • 馆藏检索
  • 电子资源
  • 读者导购
  • 参考咨询
  • 我的图书馆
  • 登录
  • 详细信息显示
  • 放入我的书架
  • 预约/预借图书
  • 作者相关作品
  • 分类相关作品
  • 丛书相关作品
  • 出版社相关作品

书目信息

  • 表格格式
  • 工作单格式
  • 卡片格式
题名:
元素周期表
    
 
作者: 戴安邦 , 沈孟长 编
分册:  
出版信息: 上海   上海科学技术出版社  1979
页数: 1页
开本: 19cm
丛书名:
单 册:
中图分类: O6-64
科图分类:
主题词: 化学元素周期表 , 化学
电子资源:
ISBN:
000 00593nam0 2200229 45
001 0179000513
005 20071003171133.17
010    @dCNY0.08
100    @a19950727d1979 em y0chiy0121 ea
101 0  @achi
102    @aCN@b310000
105    @ay z 000yy
200 10 @a元素周期表@Ayuan su zhou qi biao@f戴安邦,沈孟长编
210    @a上海@c上海科学技术出版社@d1979
215    @a1页@d19cm
606    @a化学元素周期表
606 0  @a化学
690    @aO6-64@v3
701  0 @a戴安邦@Adai an bang@4编
701  0 @a沈孟长@Ashen meng chang@4编
801  0 @aCN@bNLC@c20071003
905    @dO6-64@e55
    
    元素周期表/戴安邦,沈孟长编.-上海:上海科学技术出版社,1979
    1页;19cm
    
    
    ISBN :CNY0.08
    
●
相关链接 在E读中查询图书 在五车中查询图书 在当当中查询图书 在豆瓣中查询图书


正题名:元素周期表     索取号:O6-64/55         预约/预借

序号 登录号 条形码 馆藏地/架位号 状态 备注
1 0025777   202465698   密集书库/ [索取号:O6-64/55] 在馆    
2 0025778   202465705   密集书库/ [索取号:O6-64/55] 在馆    
3 0055154   202465652   密集书库/ [索取号:O6-64/55] 在馆    
4 0055155   202465661   密集书库/ [索取号:O6-64/55] 在馆    
5 0055156   202465634   密集书库/ [索取号:O6-64/55] 在馆    
6 0055157   202465643   密集书库/ [索取号:O6-64/55] 在馆    
7 0055158   202465714   密集书库/ [索取号:O6-64/55] 在馆    
8 0055159   202465670   密集书库/ [索取号:O6-64/55] 在馆    
9 0055160   202465625   密集书库/ [索取号:O6-64/55] 在馆    
10 0055161   202465689   密集书库/ [索取号:O6-64/55] 在馆    
唐山师范学院图书馆 欢迎您!
大连网信软件有限公司© 版权所有